000
00368 a2200193 4500
260
_b
Verlag von J. Cramer
245
_a
Glykoside
300
_a
289 p.
650
_a
Biologie
260
_c
1966
300
_b
24cm
100
_l
All
630
_a
57 - Biologie
037
_a
25319
037
_b
1, Achat
100
_a
Zechner, .
999
_c
41644
_d
41644